000
00245nam a22001097a 4500
082
_a
621.38152 BRU
100
_a
BRUK.V.A
_9
43422
245
_a
SEMICONDUCTOR TECHNOLOGY
260
_a
MOSCOW
_b
MIR PUBLISHERS
_c
1968
300
_a
336P
942
_c
BK
999
_c
584519
_d
584519